01303nam a2200277 a 4500001001900000003001100019005001700030008004100047020001800088040002700106041001300133084001000146084000900156130004600165245011900211260008400330300002000414490005300434500004900487504003800536655005400574655026100628700003500889700004700924830005400971270.008-SCh.it DIOCaOOAMICUS20180122100609.0080908s2008 it 001 0 ita d a9788870946345 aPUGbitadmvcIT-MiSPE1 aitaagrc a30 CT a32 E0 aEpistula ad Diognetum.lGreco e italiano.10aA Diogneto /cintroduzione, testo critico e commento Henri Irénée Marrou ; traduzione Maria Benedetta Artioli. aRoma :bEdizioni San Clemente ;aBologna :bEdizioni Studio Domenicano,c2008. a295 p. ;c20 cm1 aSources chrétiennes.aEdizione italiana ;v004 aTraduzione italiana con testo greco a fronte aBibliografia (pp. 43-45) e indici 7aPatrologia. GeneralitàxCollane - Varia.2local 7aPatrologia grecaxPadri apostolicixSimboli - Clemens PP. I, s., ca.30-ca.101 - Ignatius Antiochenus, s., ca.35-ca.108 - Polycarpus Smirnensis, s., ca.70-ca.156 - Hermas, sec. II - Papias Hierapolitanus, s., sec. II - Didachè - Lettera di Barnaba.2local1 aArtioli, Maria Benedetta,etr.1 aMarrou, Henri-Irénée,d1904-1977,eed. 0aSources chrétiennes.pEdizione italiana ;v004.